LEADER 01174nam a2200253 i 4500 001 000000198412 003 CaOOAMICUS 005 20110308000000.0 008 110308s1943 it u000 u ita u 013 $a177100 040 $aSeMil$bita 100 1 $aMassaia, Guglielmo.$0(OLS)http://semarc/name/71799 245 12$aI miei trentacinque anni di missione /$cGuglielmo Massaia ; estratto a cura di Samuele Cultrera. 250 $arist. 2. ed. 260 $aTorino :$bSocietà Editrice Internazionale,$c1943. 300 $aVII, 412 p, [1] c. di ritr. :$bill. ;$c20 cm. 650 4$aMissionari - Biografie.$0(OLS)http://semarc/subject/15013 650 4$aMassaia, Guglielmo <1846-1886 ; cardinale> - Autobiografia.$0(OLS)http://semarc/subject/37240 700 1 $aCultrera, Samuele.$0(OLS)http://semarc/name/56378 850 $aSeMil 852 $aSeMil$W1$xVenegono$y1$m3E I 17$j148968$B148968$CSeMilBibl$Z2$F166783 $81 961 $aOmaggio: Grampa dott. Cesare 996 $6245$aI miei trentacinque anni di missione$9(OLS)http://semarc/title/286692 996 $6260$aTorino :$bSocietà Editrice Internazionale$9(OLS)http://semarc/publisher/29847 LEADER 00946nam a2200229 i 4500 001 000000078902 003 CaOOAMICUS 005 20151123000000.0 008 151123s1968 it u000 u ita u 013 $a51139 040 $aSeMil$bita 100 1 $aPellegrino, Michele,$c.$0(OLS)http://semarc/name/9924 245 10$aTradizione e innovazione nella Chiesa d'oggi /$cCard. Michele Pellegrino. 260 $aTorino - Leumann :$bBorla,$c1968. 300 $a106 p. ;$c19 cm. 490 0 $aQuestioni attuali ;$v5 650 4$aEcclesiologia.$0(OLS)http://semarc/subject/42996 830 0$aQuestioni attuali ;$v5.$0(OLS)http://semarc/title/6389 850 $aSeMil 852 $aSeMil$W1$xVenegono$y1$m3F II 646$j44700$B44700$CSeMilBibl$Z2$F46498 $81 996 $6245$aTradizione e innovazione nella Chiesa d'oggi$9(OLS)http://semarc/title/127072 996 $6260$aTorino - Leumann :$bBorla$9(OLS)http://semarc/publisher/34719